000 01111nam a22003011u 4500
001 04243
003 HDC
007 cr bn ---
008 21011662010 my mayy
040 _aHDC
110 _aPerbadanan Pembangunan Perdagangan Luar Malaysia
245 0 _aLAPORAN TAHUNAN 2010 =
_b2010 ANNUAL REPORT /
_cby MATRADE
260 _aKuala Lumpur :
_bMATRADE,
_c2010
300 _a190 pages :
_bcolour illustrations, colour photographs
336 _atext
_2rdacontent
337 _acomputer
_2rdamedia
338 _aonline resource
_2rdacarrier
650 _aGovernment publications
_zMalaysia
_94371
650 _aHouse organs
_zMalaysia
_94369
650 _aHouse organs
_zMalaysia
_94369
651 _aMalaysia
_xCommerce
_94373
651 _aMalaysia
_xForeign economic relations
_94372
710 _aPerbadanan Pembangunan Perdagangan Luar Malaysia
856 _zRequest full-text at [email protected]
942 _2lcc
942 _cEIS
942 _kAREP 000060
999 _c1568
_d1568